Statistics for Country Subdivisions with Most COVID-19 Deaths 16/7/20

Click here to take the quiz!

General Stats

  • This quiz has been taken 30 times
  • The average score is 18 of 23

Answers on the Map

Answers color-coded by a green-red scale on the quiz's map according to % correct below.
 

Answer Stats

DeathsSubdivision% Correct
7,375California
97%
40,462England
97%
6,330Michigan
97%
32,427New York
97%
7,427Illinois
93%
5,636Quebec
93%
11,757Rio de Janeiro
93%
18,640São Paulo
93%
5,763Lima
90%
6,957Pennsylvania
90%
8,444Madrid
86%
5,678Catalonia
83%
15,634New Jersey
83%
8,368Massachusetts
79%
5,957Santiago Metropolitan Region
79%
16,765Lombardy
76%
5,439Mexico
76%
7,910Mexico City
76%
7,369Île-de-France
69%
5,337Pará
38%
10,928Maharashtra
34%
5,772Pernambuco
24%
7,030Ceará
21%

Score Distribution

Percentile by Number Answered

Percent of People with Each Score

Your Score History

You have not taken this quiz